| 000 | 00540nam a22001457a 4500 | ||
|---|---|---|---|
| 003 | OSt | ||
| 005 | 20211010071235.0 | ||
| 008 | 211010b |||||||| |||| 00| 0 eng d | ||
| 020 | _a9782296107311 | ||
| 040 | _cHU | ||
| 082 | _a330 | ||
| 245 |
_aMitigating the impacts of the financial and economic crisis in Africa : _bproceedings of the workshop on 'The global financial and economic crisis : strategies for mitigating its impacts on Africa' : held on 10th April 2009 in Tunis, Tunisia |
||
| 300 |
_a211 _bPC _c24cm |
||
| 942 |
_2ddc _cBOOKS _n0 |
||
| 999 |
_c11109 _d11109 |
||